000 00345nam a22001577a 4500
003 SGT
020 _a8125908552
082 _a650.1,MOS
100 _aMOSS,GEOFFREY
245 _aTIME SAVERS FOR BUSY PEOPLE
250 _a1ST
260 _aNEW DELHI
_bUBS PUBLISHER
_c1999
300 _a161
650 _aEXECUTIVE MANAGEMENT
942 _2ddc
_cFCM
999 _c9525
_d9525